1 to 100 in binary - Statistics

General Stats
  • This quiz has been taken 880 times
  • The average score is 55 of 100
Answer Stats
Hint Answer % Correct
1 1
100%
2 10
91%
3 11
91%
7 111
90%
4 100
89%
5 101
88%
15 1111
88%
8 1000
87%
6 110
87%
10 1010
86%
11 1011
86%
16 10000
84%
9 1001
84%
31 11111
84%
12 1100
83%
14 1110
83%
13 1101
82%
21 10101
81%
17 10001
80%
23 10111
78%
19 10011
76%
20 10100
76%
24 11000
76%
32 100000
75%
18 10010
75%
30 11110
75%
22 10110
74%
25 11001
74%
27 11011
73%
28 11100
73%
63 111111
73%
42 101010
71%
26 11010
70%
29 11101
70%
33 100001
69%
47 101111
66%
35 100011
65%
39 100111
65%
64 1000000
63%
34 100010
63%
43 101011
63%
36 100100
62%
37 100101
61%
48 110000
61%
38 100110
60%
40 101000
60%
46 101110
60%
41 101001
59%
44 101100
59%
45 101101
58%
49 110001
56%
62 111110
56%
51 110011
55%
56 111000
55%
50 110010
54%
55 110111
53%
60 111100
53%
53 110101
51%
54 110110
50%
65 1000001
49%
52 110100
49%
57 111001
49%
59 111011
49%
61 111101
49%
58 111010
48%
66 1000010
43%
67 1000011
43%
85 1010101
42%
68 1000100
40%
71 1000111
40%
69 1000101
39%
70 1000110
38%
72 1001000
37%
79 1001111
37%
73 1001001
35%
74 1001010
35%
75 1001011
33%
76 1001100
31%
80 1010000
31%
77 1001101
30%
78 1001110
30%
81 1010001
28%
82 1010010
28%
84 1010100
28%
95 1011111
28%
87 1010111
27%
83 1010011
26%
86 1010110
25%
96 1100000
25%
88 1011000
24%
89 1011001
21%
90 1011010
21%
91 1011011
21%
92 1011100
20%
94 1011110
20%
93 1011101
19%
97 1100001
19%
98 1100010
17%
99 1100011
17%
100 1100100
16%
No matching quizzes found
Score Distribution
Percent of People with Each Score
Percentile by Number Answered
Your Score History
You have not taken this quiz